Việt Nam trong thế kỷ XX

Gardado en:
Detalles Bibliográficos
Autor Principal: TRUNG TÂM KHOA HỌC XÃ HỘI VÀ NHÂN VĂN QUỐC GIA
Formato: Libro
Idioma:Undetermined
Publicado: CTQG 2002
Các nhãn: Engadir etiqueta
Sen Etiquetas, Sexa o primeiro en etiquetar este rexistro!
Thư viện lưu trữ: Trung tâm Học liệu Trường Đại học Cần Thơ
LEADER 00492nam a2200145Ia 4500
001 CTU_48327
008 210402s9999 xx 000 0 und d
082 |a 959.704 
082 |b Tr513/T1 
100 |a TRUNG TÂM KHOA HỌC XÃ HỘI VÀ NHÂN VĂN QUỐC GIA 
245 0 |a Việt Nam trong thế kỷ XX 
245 0 |c TRUNG TÂM KHOA HỌC XÃ HỘI VÀ NHÂN VĂN QUỐC GIA 
260 |b CTQG 
260 |c 2002 
980 |a Trung tâm Học liệu Trường Đại học Cần Thơ